| 000 | 00674nam a2200217 a 4500 | ||
|---|---|---|---|
| 001 | BRCA_7536 | ||
| 005 | 20190320205857.0 | ||
| 008 | 240513s1954----sz-a######---#000-0#fre-# | ||
| 041 | _afre | ||
| 044 | _asz | ||
| 050 | 4 |
_aNK3700 _b.C47 1954 |
|
| 245 | 1 | 0 |
_aCeramique 1 _betudes céramologiques _cpublié par L´Académie Internationale de la Céramique. |
| 260 |
_aGinebra, Suiza _bPhilunion _c1954 |
||
| 300 |
_a160 p. _bil. (algunas a color) _c27 cm. |
||
| 500 | _aFe de erratas en la página 4 | ||
| 500 | _aS4 | ||
| 650 | 1 | 4 |
_aCerámica _xPublicaciones periódicas _918581 |
| 710 | 2 |
_aAcademie Internationale de la Ceramique _918582 |
|
| 902 | _aGFM | ||
| 942 |
_2lcc _cB |
||
| 999 |
_c7210 _d7210 |
||